000 00494nam a22001937a 4500
003 LK-CoMWRAF
005 20231019235643.0
008 231019b |||||||| |||| 00| 0 eng d
040 _aLK-CoMWRAF
_dLK-CoMWRAF
_eLK-CoMWRAF
041 _aeng
082 _a823
_bNAR
100 _aNarayan, R. K.
245 _a The Man-eater of malgudi
260 _aLondon :
_bNew English Library,
_c1965
300 _a185p
650 _aEnglish Fiction
650 _aIndian Fiction--English
942 _cBK
999 _c3952
_d3952